The Community is my University: (Record no. 2369)

MARC details
000 -LEADER
fixed length control field 007660000a22002290004500
003 - CONTROL NUMBER IDENTIFIER
control field LK-CoMWRAF
005 - DATE AND TIME OF LATEST TRANSACTION
control field 20231206144847.0
008 - FIXED-LENGTH DATA ELEMENTS--GENERAL INFORMATION
fixed length control field 230817t2003 ||||| |||| 00| 0 eng d
020 ## - INTERNATIONAL STANDARD BOOK NUMBER
International Standard Book Number 9068327224
040 ## - CATALOGING SOURCE
Original cataloging agency LK-CoMWRAF
Modifying agency LK-CoMWRAF
Description conventions LK-CoMWRAF
041 ## - LANGUAGE CODE
Language code of text/sound track or separate title English
082 ## - DEWEY DECIMAL CLASSIFICATION NUMBER
Classification number 362.1
Item number MAP
942 ## - ADDED ENTRY ELEMENTS (KOHA)
Koha item type Books
100 ## - MAIN ENTRY--PERSONAL NAME
Personal name Maphorogo, Selina
700 ## - ADDED ENTRY--PERSONAL NAME
Personal name Sutter, Erika
700 ## - ADDED ENTRY--PERSONAL NAME
Personal name Jenkins,, Jennifer
Relator Term editor
245 ## - TITLE STATEMENT
Title The Community is my University:
Remainder of title A voice from the grass roots on rural health and development
260 ## - PUBLICATION, DISTRIBUTION, ETC. (IMPRINT)
Place of publication, distribution, etc. Amsterdam:
Name of publisher, distributor, etc. Royal Tropical Institute,
Date of publication, distribution, etc. 2003
300 ## - PHYSICAL DESCRIPTION
Extent 272 p. : ill. (some col.) ports. ; 24 cm.
Other physical details Bibliography and glossary included
650 ## - SUBJECT ADDED ENTRY--TOPICAL TERM
Topical term or geographic name as entry element RURAL HEALTH SERVICES
650 ## - SUBJECT ADDED ENTRY--TOPICAL TERM
Topical term or geographic name as entry element Community Health Services--South Africa.
Holdings
Withdrawn status Lost status Damaged status Not for loan Permanent Location Current Location Date acquired Full call number Barcode Koha item type
        Resource center, Muslim Women's Research And Action Forum Resource center, Muslim Women's Research And Action Forum 2023-08-17 362.1 MAP RAF741 Books

Copyright © 2023 Muslim Women's Research and Action Forum (MWRAF), No 27/3, Anderson Road, Kalubowila, Dehiwela. Funded by The Asia Fundation